| 000 | 01531cam a2200445 a 4500 | ||
|---|---|---|---|
| 001 | 317 | ||
| 003 | FISKH | ||
| 005 | 20230616111110.0 | ||
| 008 | 040706s2004 nyuab b 000 1 eng d | ||
| 010 | _a 2004301114 | ||
| 020 | _a0439559642 (pbk.) | ||
| 035 | _a(OCoLC)ocm54483432 | ||
| 040 |
_aUPZ _cUPZ _dDLC |
||
| 041 | 1 |
_aeng _hita |
|
| 042 |
_alcac _alccopycat |
||
| 050 | 0 | 0 |
_aPZ7 _b.C9373 2004 |
| 082 | 0 | 0 |
_a853.914 _222 |
| 100 | 1 | _aDami, Elisabetta | |
| 245 | 1 | 4 |
_aThe curse of the cheese pyramid / _cGeronimo Stilton ; [illustrations by Matt Wolf]. |
| 260 |
_aNew York _bScholastic _c2004. |
||
| 300 |
_a112 p. : _bcol. ill., col. maps ; _c20 cm. |
||
| 500 | _a"English translation... by Edizioni Piemme S.p.A."--T.p. verso. | ||
| 505 | _aH | ||
| 520 | _aGeronimo travels to Egypt to interview Professor Alrat Spitfur and learns the secret of the Seven Wonders of the Ancient Mouse World. | ||
| 521 | 0 |
_a500
_bLexile |
|
| 521 | 1 |
_aH
_bRaz-Plus |
|
| 600 | 1 | 0 |
_aDami, Elisabetta _vJuvenile fiction. |
| 650 | 0 |
_aMice _vJuvenile fiction. |
|
| 650 | 0 |
_aAnimals _vJuvenile fiction. |
|
| 650 | 1 |
_aMice _vFiction. |
|
| 650 | 1 |
_aAnimals _vFiction. |
|
| 650 | 1 |
_aPyramids _vFiction. |
|
| 650 | 1 |
_aJournalists _vFiction. |
|
| 650 | 1 |
_aAdventure and adventurers _vFiction. |
|
| 650 | 1 | _aHumorous stories. | |
| 651 | 1 |
_aEgypt _vFiction. |
|
| 856 | 4 | 2 |
_3Publisher description _uhttp://www.loc.gov/catdir/description/schol051/2004301114.html |
| 906 |
_a7 _bcbc _ccopycat _d2 _encip _f20 _gy-gencatlg |
||
| 942 |
_2ddc _cBK |
||
| 999 |
_c317 _d317 |
||